000 00663nam a2200205Ia 4500
001 12851
003 GE_BSU
008 181216s||||||||xx |||||||||||||| ||und||
040 _cGE_BSU
080 _a634.8(075.32)
100 _aНегруль,А.Г.
245 _aВиноградарство с основами ампелографии и селекции
260 _aМосква
260 _bГос.изд.сельхоз.лит-ры
260 _c1952
300 _a428стр.илл.20см.
300 _cБиблиогр.с.424
653 _aВиноградарство с основами ампелографии и селекции
942 _cBK
999 _c46021
_d46021